000 00824nam a2200241 a 4500
001 60569
003 BD-RjUL
005 20211209080846.0
008 170101s1959 pau b 000 0 eng
035 _a(BD-RjUL)60693
040 _aDLC
_cWSU
_dOCL
_dSER
_dNRC
_dUKM
_dEQO
_beng
041 _aeng
082 _a378.12
_bSHU 1959
_223
100 1 _aShryock, Richard Harrison,
_d1893-1972.
_9180394
245 1 4 _aThe University of Pennsylvania Faculty :
_ba study in American higher education /
_c Richard Harrison Shryock
260 _aPhiladelphia :
_bUniversity of Pennsylvania Press,
_cc1959
300 _a259 p. ;
_c22 cm.
504 _aBibliographical footnotes.
610 2 0 _aUniversity of Pennsylvania
_9180494
650 0 _aUniversities and colleges
_xFaculty.
_9180396
942 _2ddc
_cBK
999 _c60569
_d60569